[Event "Titled Tuesday intern op 14th Dec"]
[Site "Chess.com INT"]
[Date "2021.12.14"]
[Round "2"]
[White "Lavrov, Maxim"]
[Black "Kekic, Armin"]
[Result "1/2-1/2"]
[WhiteElo "2398"]
[BlackElo "2164"]
[PlyCount "187"]
[EventDate "2021.12.14"]
[EventType "swiss (blitz)"]
[EventRounds "11"]
[EventCountry "USA"]
[SourceTitle "EXT 2023"]
[Source "ChessBase"]
[SourceDate "2022.10.05"]
[SourceVersion "1"]
[SourceVersionDate "2022.10.05"]
[SourceQuality "1"]

1. Nf3 d6 2. g3 e5 3. Bg2 Nc6 4. 0-0 Nf6 5. d4 Be7 6. dxe5 Nxe5 7. Nxe5 dxe5 8. Qxd8+ Bxd8 9. Nc3 c6 10. f4 exf4 11. Bxf4 Bb6+ 12. Kh1 Be6 13. e4 0-0-0 14. Na4 Nd7 15. Nxb6+ Nxb6 16. a4 f6 17. b3 Nd7 18. Be3 a6 19. b4 Bc4 20. Rfd1 Ne5 21. Bb6 Rxd1+ 22. Rxd1 Be6 23. Bf1 Nc4 24. Bxc4 Bxc4 25. Kg1 Re8 26. Kf2 Be6 27. Rd6 Bd7 28. Kf3 f5 29. exf5 Bxf5 30. c3 Bd7 31. g4 Re6 32. Rd4 g5 33. Bc5 h6 34. Rd6 Rxd6 35. Bxd6 Be8 36. Bf8 h5 37. Be7 Kd7 38. Bxg5 Ke6 39. gxh5 Bxh5+ 40. Kf4 Be8 41. a5 Bh5 42. Bd8 Bd1 43. Kg5 Be2 44. h4 Bd1 45. h5 Bc2 46. Bf6 Bd1 47. Bd4 Bc2 48. Kh6 Kf7 49. Kg5 Ke6 50. h6 Bh7 51. Kf4 Bb1 52. Bg7 Bh7 53. c4 Bd3 54. Ke3 Bh7 55. Kd4 Bg6 56. Kc5 Kd7 57. Kb6 Kc8 58. b5 cxb5 59. cxb5 axb5 60. Kxb5 Bh7 61. Kc5 Kd7 62. Kd5 Bd3 63. Bd4 Ke7 64. Bc5+ Kd7 65. Ke5 Kc8 66. Kd6 Kb8 67. Bb6 Ka8 68. Be3 Bc2 69. Kc7 Bb1 70. Bb6 Bc2 71. Kd7 Bb1 72. Ke7 Bc2 73. Kf7 Bb1 74. Kg7 Bc2 75. h7 Bxh7 76. Kxh7 Kb8 77. Kg6 Ka8 78. Kf7 Kb8 79. Ke6 Ka8 80. Kd7 Kb8 81. Bc7+ Ka8 82. Kc8 Ka7 83. Bb6+ Ka8 84. Bc5 b5 85. Bb4 Ka7 86. Kc7 Ka8 87. Kb6 Kb8 88. Ka6 Ka8 89. Ba3 Kb8 90. Bd6+ Ka8 91. Kb6 b4 92. Bxb4 Kb8 93. a6 Ka8 94. a7 1/2-1/2

[Event "Titled Tuesday intern op 23rd Nov"]
[Site "Chess.com INT"]
[Date "2021.11.23"]
[Round "7"]
[White "Aditya, Mittal"]
[Black "Lavrov, Maxim"]
[Result "1-0"]
[WhiteElo "2459"]
[BlackElo "2398"]
[PlyCount "59"]
[EventDate "2021.11.23"]
[EventType "swiss (blitz)"]
[EventRounds "11"]
[EventCountry "USA"]
[SourceTitle "CBM 205 Extra"]
[Source "ChessBase"]
[SourceDate "2022.01.31"]
[SourceVersion "1"]
[SourceVersionDate "2022.01.31"]
[SourceQuality "1"]

1. d4 Nf6 2. c4 g6 3. Nc3 Bg7 4. e4 d6 5. Be2 0-0 6. Be3 e5 7. d5 c6 8. g4 cxd5 9. cxd5 b5 10. g5 Nh5 11. Bxh5 gxh5 12. Qxh5 b4 13. Nce2 Ba6 14. Nf3 Qa5 15. Nh4 Rc8 16. 0-0 Bd3 17. Nf5 Qd8 18. Neg3 Bxf1 19. Rxf1 Bf8 20. f4 Nd7 21. fxe5 Nxe5 22. Bd4 Qd7 23. Rf4 Rc1+ 24. Kg2 Rc2+ 25. Kh3 Rac8 26. Rh4 f6 27. Bxe5 fxe5 28. g6 h6 29. g7 Bxg7 30. Rg4 1-0